000 00998cam a2200277 i 4500
999 _c25715
_d25715
001 410608
003 ARRUPE
005 20170728135051.0
008 801105s1981 inuc b 000 0 eng
010 _a 80026838
020 _a0915144476 :
_c$8.50 (est.)
020 _a0915144387 (pbk.) :
_c$2.50. (est.)
040 _aDLC
_cDLC
_dDLC
050 0 0 _aB819
_b.S578
082 0 0 _a142/.78
_219
100 1 _aSolomon, Robert C.
_933090
245 1 0 _aIntroducing the existentialists :
_bimaginary interviews with Sartre, Heidegger, and Camus /
_cRobert C. Solomon.
260 _aIndianapolis, Ind. :
_bHackett Pub. Co.,
_cc1981.
300 _ax, 87 p. :
_bports. ;
_c22 cm.
504 _aBibliography: p. 85-87.
600 1 0 _aSartre, Jean-Paul,
_d1905-1980
_xPhilosophy.
_933883
600 1 0 _aHeidegger, Martin,
_d1889-1976.
_933884
600 1 0 _aCamus, Albert,
_d1913-1960
_xPhilosophy.
_933885
650 0 _aExistentialism.
_91759
906 _a7
_bcbc
_corignew
_du
_eocip
_f19
_gy-gencatlg
942 _2lcc
_cMONOGRAPH